000 00602cam a2200145 4500500
005 20251228082905.0
041 _afre
042 _adc
100 1 0 _aGranger, Sylvie
_eauthor
245 0 0 _aPhilippe Hourcade, Mascarades et ballets au Grand Siècle (1643-1715), Paris, Éd. Desjonquères / Centre national de la danse, 2002, 20. Un vol. 50 × 14 cm de 395 p.
260 _c2005.
500 _a63
786 0 _nDix-septième siècle | 228 | 3 | 2005-09-01 | p. 563f-574f | 0012-4273
856 4 1 _uhttps://shs.cairn.info/revue-dix-septieme-siecle-2005-3-page-563f?lang=fr&redirect-ssocas=7080
999 _c1600024
_d1600024